000 00495nam a2200205Ia 4500
005 20250425161052.0
008 250425s9999 xx 000 0 und d
020 _a047108252X
041 _aeng
082 _a621.0420685
100 _aTURNER, WAYNE C.
245 0 _aENERGY MANAGEMENT HANDBOOK
250 _a1ST ED.
260 _aEstados Unidos
_bJOHN WILEY & SONS
_c1982
260 _aNEW YORK
300 _a714
650 _aELECTRICIDAD-MANUALES
942 _c01
010 _a11810
999 _c201799
_d201799